000
002840000a22000970004500
100
1
_a
Pretiz, Paul E.
245
1
0
_a
Where missionaries still needed in Latin America?
300
_a
Vol. 72, Num. 4 (Octubre-Diciembre, 1996), Página 9
773
0
_t
Latin America Evangelist
942
_c
ANA
999
_c
54670
_d
54670